000 01004nam a2200289 a 4500
001 25798
003 BD-RJUL
005 20211209050929.0
008 140319s1959 ne ae 000 0 dut d
035 _a(BD-RJUL)25868
040 _aLUN
_cLUN
_dEQO
_beng
041 _aeng
082 _a949.2
_bHON 1959
245 0 0 _aHonderd eeuwen Nederland /
_csamengesteldt onder redactie van J.E. Bogars ... [et al.] ; met een voorwoord van J.M.L.Th. Cals.
260 _a's Gravenhage :
_bLuctor et Emergo,
_c1959.
300 _a314 p. ;
_bill., plans ;
_c23 cm.
490 1 _aAntiquity and survival ;
_vvol. 2, no. 5-6
500 _aErrata slip inserted (p. 314)
504 _aIncludes bibliographical references (p. 312-131)
651 0 _aNetherlands
_xAntiquities.
_979248
651 0 _aNetherlands
_xHistory
_yTo 1384.
_979249
830 0 _vvol. 2, no. 5-6
_979254
700 1 _aBogaers, J. E.
_979251
700 1 _aCals, J. M. L. Th.
_979252
830 0 _aAntiquity and survival ;
_979255
942 _2ddc
_cBK
999 _c25798
_d25798